Actors by Picture - Statistics

General Stats
  • This quiz has been taken 70 times
  • The average score is 5 of 20
Answer Stats
Picture Answer % Correct
Liam Hemsworth
79%
Kevin Bacon
63%
Andy Samberg
60%
Bill Skarsgard
40%
Seth Macfarlane
35%
Olivia Wilde
31%
Donnie Wahlberg
29%
B.J. Novak
25%
Bill Paxton
23%
Tobin Bell
19%
Alan Tudyk
15%
P.J. Soles
8%
Elizabeth Gillies
6%
Jeremy Davies
6%
Madison Iseman
6%
Victoria Pedretti
6%
Danielle Harris
4%
Sheri Moon Zombie
4%
Mary Mouser
2%
Chauncey Leopardi
0%
No matching quizzes found
Score Distribution
Percent of People with Each Score
Percentile by Number Answered
Your Score History
You have not taken this quiz